|
|
|
|
| LEADER |
00000caa a22000002c 4500 |
| 001 |
1553541596 |
| 003 |
DE-627 |
| 005 |
20220813132717.0 |
| 007 |
tu |
| 008 |
170216s2011 xx ||||| 00| ||ger c |
| 035 |
|
|
|a (DE-627)1553541596
|
| 035 |
|
|
|a (DE-576)483541591
|
| 035 |
|
|
|a (DE-599)BSZ483541591
|
| 035 |
|
|
|a (OCoLC)1340960311
|
| 040 |
|
|
|a DE-627
|b ger
|c DE-627
|e rda
|
| 041 |
|
|
|a ger
|
| 084 |
|
|
|a 1
|2 ssgn
|
| 100 |
1 |
|
|e VerfasserIn
|0 (DE-588)1125658398
|0 (DE-627)880320583
|0 (DE-576)483535257
|4 aut
|a Mößner, Tamara
|
| 109 |
|
|
|a Mößner, Tamara
|
| 245 |
1 |
4 |
|a Das Zauberbuch des Cyprianus
|c Tamara Mößner und Claudia Nauerth
|
| 264 |
|
1 |
|c 2011
|
| 300 |
|
|
|b Illustrationen
|
| 300 |
|
|
|a 6
|
| 336 |
|
|
|a Text
|b txt
|2 rdacontent
|
| 337 |
|
|
|a ohne Hilfsmittel zu benutzen
|b n
|2 rdamedia
|
| 338 |
|
|
|a Band
|b nc
|2 rdacarrier
|
| 700 |
1 |
|
|e VerfasserIn
|0 (DE-588)1054441499
|0 (DE-627)791528146
|0 (DE-576)162348940
|4 aut
|a Nauerth, Claudia
|d 1941-
|
| 773 |
0 |
8 |
|i Enthalten in
|t Ägyptische Magie im Wandel der Zeiten
|d Heidelberg : Univ.-Museum Heidelberg, 2011
|g (2011), Seite 48-53
|h 59 S.
|w (DE-627)1413349048
|w (DE-576)343349043
|7 nnam
|
| 773 |
1 |
8 |
|g year:2011
|g pages:48-53
|g extent:6
|
| 776 |
0 |
8 |
|i Elektronische Reproduktion
|a Mößner, Tamara
|t Das Zauberbuch des Cyprianus
|d 2011
|w (DE-627)1553537033
|w (DE-576)483537039
|k Electronic
|
| 951 |
|
|
|a AR
|
| ELC |
|
|
|b 1
|
| ORI |
|
|
|a SA-MARC-ixtheo_oa001.raw
|